<?xml version="1.0" encoding="UTF-8"?>
<record
    xmlns:xsi="http://www.w3.org/2001/XMLSchema-instance"
    xsi:schemaLocation="http://www.loc.gov/MARC21/slim http://www.loc.gov/standards/marcxml/schema/MARC21slim.xsd"
    xmlns="http://www.loc.gov/MARC21/slim">

  <leader>00836cam a2200229 a 4500</leader>
  <controlfield tag="003">OSt</controlfield>
  <controlfield tag="005">20140311172724.0</controlfield>
  <controlfield tag="008">130402s2013    sp ||||||    |001 ||spa|d</controlfield>
  <datafield tag="017" ind1=" " ind2=" ">
    <subfield code="a">DL M. 5961-2013</subfield>
  </datafield>
  <datafield tag="020" ind1=" " ind2=" ">
    <subfield code="a">9788494034879</subfield>
  </datafield>
  <datafield tag="040" ind1=" " ind2=" ">
    <subfield code="b">cat</subfield>
    <subfield code="c">CDMR</subfield>
  </datafield>
  <datafield tag="100" ind1="1" ind2=" ">
    <subfield code="a">Weingarten, Marc</subfield>
  </datafield>
  <datafield tag="245" ind1="1" ind2="3">
    <subfield code="a">La Banda que escrib&#xED;a torcido </subfield>
    <subfield code="b">: una historia del nuevo periodismo </subfield>
    <subfield code="c">Marc Weingarten ; [traducci&#xF3;n: Stephen Marchand Fern&#xE1;ndez]</subfield>
  </datafield>
  <datafield tag="260" ind1=" " ind2=" ">
    <subfield code="a">Madrid </subfield>
    <subfield code="b">Libros del K.O.</subfield>
    <subfield code="c">2013</subfield>
  </datafield>
  <datafield tag="300" ind1=" " ind2=" ">
    <subfield code="a">550 p. </subfield>
    <subfield code="c">19 cm</subfield>
  </datafield>
  <datafield tag="504" ind1=" " ind2=" ">
    <subfield code="a">Bibliografia. &#xCD;ndex</subfield>
  </datafield>
  <datafield tag="546" ind1=" " ind2=" ">
    <subfield code="a">Trad. de: The gang that wouldn't write straight, cop. 2005</subfield>
  </datafield>
  <datafield tag="650" ind1="0" ind2="4">
    <subfield code="a">Periodisme i literatura</subfield>
    <subfield code="z">Estats Units d'Am&#xE8;rica </subfield>
    <subfield code="9">3088</subfield>
  </datafield>
  <datafield tag="650" ind1="0" ind2="4">
    <subfield code="a">Periodisme</subfield>
    <subfield code="z">Estats Units d'Am&#xE8;rica</subfield>
    <subfield code="x">Hist&#xF2;ria</subfield>
    <subfield code="y">1960-1970 </subfield>
    <subfield code="9">2512</subfield>
  </datafield>
  <datafield tag="700" ind1="1" ind2=" ">
    <subfield code="a">Marchand Fern&#xE1;ndez, Stephen,</subfield>
    <subfield code="e">trad.</subfield>
  </datafield>
  <datafield tag="942" ind1=" " ind2=" ">
    <subfield code="c">MON</subfield>
  </datafield>
  <datafield tag="999" ind1=" " ind2=" ">
    <subfield code="c">6706</subfield>
    <subfield code="d">6706</subfield>
  </datafield>
  <datafield tag="952" ind1=" " ind2=" ">
    <subfield code="0">0</subfield>
    <subfield code="1">0</subfield>
    <subfield code="4">0</subfield>
    <subfield code="7">0</subfield>
    <subfield code="a">CDMR</subfield>
    <subfield code="b">CDMR</subfield>
    <subfield code="d">2014-03-11</subfield>
    <subfield code="e">Intercanvi</subfield>
    <subfield code="g">23.95</subfield>
    <subfield code="l">2</subfield>
    <subfield code="m">1</subfield>
    <subfield code="o">Dt 1/14</subfield>
    <subfield code="p">CDMR1403301199</subfield>
    <subfield code="r">2015-07-14</subfield>
    <subfield code="s">2015-06-26</subfield>
    <subfield code="w">2014-03-11</subfield>
    <subfield code="y">MON</subfield>
  </datafield>
</record>
